Score 0/13 Timer 04:00
2 Plays Today
Letter Answer % Correct
EE-mail
95.8%
SS-Hook
94.8%
UU-boat
94.6%
OO Henry
94.6%
QQ-Tips
92.6%
AA-level
88.3%
MM. Butterfly
86%
II Ching
81%
GG-String
80.8%
WW-Engine
51.2%
YY-Chromosome
18.8%
KK-Ration
15.3%
CC-section
14.1%

You're not logged in!

Compare scores with friends on all Sporcle quizzes.
OR
Log In

Sporcle TV

Today on Sporcle TV


Watch our educational content, quiz creation guides, and fun videos on Sporcle TV.

Show Comments

Extras

Top Quizzes Today


Score Distribution

Paid Content

Your Account Isn't Verified!

In order to create a playlist on Sporcle, you need to verify the email address you used during registration. Go to your Sporcle Settings to finish the process.

Report this User

Report this user for behavior that violates our Community Guidelines.

Details: